Statistiques concernant Trouve les paroles - Papaoutai - Stromae

Cliquez ici pour prendre le quiz!

Statistiques générales

  • Ce quiz a été pris 266 fois
  • Le résultat moyen est 222 sur 270

Statistiques - réponses

Réponse% Correct
papa
99%
98%
ou
98%
98%
à
95%
a
95%
dit
94%
il
93%
Il
93%
t'es
92%
ce
91%
est
91%
que
91%
qui
91%
Maman
90%
on
90%
On
90%
par
90%
va
90%
je
89%
bien
88%
Bien
88%
Ça
88%
ça
88%
doigts
88%
ne
88%
Pas
88%
pas
88%
ton
88%
au
87%
sait
87%
c'est
86%
mes
86%
mille
86%
Compté
85%
fois
85%
mal
85%
travailler
85%
accompagné
84%
mieux
84%
faire
83%
Faire
83%
j'ai
83%
moins
83%
Dis-moi
82%
doit
82%
Elle
82%
Papaoutai
82%
sacré
82%
toujours
82%
caché
81%
cherche
81%
en
81%
le
81%
lui
81%
Sans
81%
même
80%
parler
80%
qu'être
80%
Qu'il
80%
qu'il
80%
très
80%
trouver
80%
d'où
79%
finit
79%
jamais
79%
loin
79%
part
79%
souvent
79%
vais
79%
vient
79%
Ah
78%
devoir
78%
lorsqu'on
78%
vrai
78%
Enfin
77%
n'est
76%
des
75%
Des
75%
Un
75%
Dites-moi
74%
fait
74%
saurais
74%
bouffé
73%
qu'on
73%
Mais
71%
Tout
71%
comment
70%
Et
70%
monde
70%
sera
70%
aura
69%
jour
69%
papas
69%
personne
69%
bébés
68%
es-tu
68%
les
68%
nos
68%
géniteurs
66%
génies
65%
tous
64%
l'autre
63%
quoi
62%
admirables
61%
disparu
61%
détestables
60%
Dites-nous
58%
dites-nous
58%
d'un
57%
Monsieur
57%
Serons-nous
56%
donne
53%
hérité
53%
irresponsables
53%
pouce
52%
aurait
51%
Faut
51%
aux
45%
naissances
45%
Je-sais-tout
44%
tient
41%
d'son
29%
l'sucer
22%

Distribution des résultats

Percentile par nombre de réponses

% des personnes avec chaque résultat

Votre développement - résultats

Vous n’avez pas pris ce quiz